El campo y la ciudad
Bewaard in:
| Hoofdauteur: | |
|---|---|
| Formaat: | Boek |
| Taal: | Spaans |
| Gepubliceerd in: |
Barcelona
Paidós
2001
|
| Editie: | 1a. ed |
| Onderwerpen: | |
| Tags: |
Voeg label toe
Geen labels, Wees de eerste die dit record labelt!
|
MARC
| LEADER | 00000cam a2200000 a 4500 | ||
|---|---|---|---|
| 001 | UCE2144 | ||
| 003 | CL-VaPUC | ||
| 008 | 140612e20010000sp |||||||||||||||||spa|d | ||
| 020 | |a 9789501265163 | ||
| 082 | 0 | 4 | |a 824 |b WIL |2 21 |
| 100 | 0 | |a Williams, Raymond |e author |9 574609 | |
| 245 | 1 | 3 | |a El campo y la ciudad |
| 250 | |a 1a. ed | ||
| 300 | |a 411 p | ||
| 942 | |c BK | ||
| 945 | |d 20140612 14:08:00 |a dcastane | ||
| 260 | |a Barcelona |b Paidós |c 2001 | ||
| 650 | 0 | |a Ensayos ingleses |9 265096 | |
| 650 | 0 | |a Ciudades |9 265474 | |
| 650 | 0 | |a Urbanismo |9 255208 | |
| 583 | |a last modification |c 20140612 14:08:00 |k Rodrigo Vera | ||
| 999 | |c 355807 |d 355805 | ||
| 952 | |0 0 |1 0 |3 erb |4 0 |6 824_000000000000000_WIL_2001 |7 0 |8 A |9 462668 |a BIBART |b BIBART |i 5082463 |o 824 WIL 2001 |p 5082463 |r 2025-03-13 |w 2019-11-23 |y BK |z Catalogado en:20140612 |k ART | ||
| 952 | |0 0 |1 0 |3 erb |4 0 |6 824_000000000000000_WIL_2001 |7 0 |8 A |9 462669 |a BIBING |b BIBING |i 5190762 |o 824 WIL 2001 |p 5190762 |r 2025-01-20 |w 2019-11-23 |y BK |z Catalogado en:20150728 |k GEO | ||